00337nam a2200133Ia 4500008004100000041000800041082001500049100001900064245003400083250001400117260002800131300003500159365000900194240624s9999 xx 000 0 und d aeng a332.01 BEN aBENNINGA SIMON aFINANCIAL MODELING USES EXCEL a(3rd ed.) c2008aLondonbMIT Press axxviii, : 1133 : p. : cm. ; 24 cb25